CRITICA LITERARIA/

INCLUYE BIBLIOGRAFIA E INDICE

Kaydedildi:
Detaylı Bibliyografya
Yazar: Castellani, Leonardo (autor)
Materyal Türü: Kitap
Konular:
Etiketler: Etiketle
Etiket eklenmemiş, İlk siz ekleyin!

MARC

LEADER 00000nam^a2200000^a^4500
001 000225854
005 20250521000000.0
009 20260310104143.356
035 |a 044528 
037 |a Acervo Xavier Clavigero 
082 |a 801. 95  |b CAS 
100 |a Castellani, Leonardo  |e (autor) 
245 1 0 |a CRITICA LITERARIA/  |c LEONARDO CASTELLANI, S.J 
264 |a BUENOS AIRES :  |b Penca,  |c 1945 
300 |a 487p. 
336 |a texto  |b txt  |2 rdacontenido 
337 |a sin mediación  |b n  |2 rdamedio 
338 |a volumen  |b nc  |2 rdasoporte 
520 |a INCLUYE BIBLIOGRAFIA E INDICE 
649 |a XX 
650 |a Literatura -  |x Historia y Crítica 
650 |a Literatura 
910 |a Fondo General 
920 |a Impresos - Libros 
930 |a Colección General 
940 |a Literatura 
905 |a 101 
901 |a 044528  |b IT1  |c LIT  |i 044528  |u 20250521 
902 |a https://opac.biblio.iteso.mx/vufind/Record/000225854